<?xml version="1.0" encoding="UTF-8"?><?xml-stylesheet type="text/xsl" href="static/style.xsl"?><OAI-PMH xmlns="http://www.openarchives.org/OAI/2.0/" xmlns:xsi="http://www.w3.org/2001/XMLSchema-instance" xsi:schemaLocation="http://www.openarchives.org/OAI/2.0/ http://www.openarchives.org/OAI/2.0/OAI-PMH.xsd"><responseDate>2026-04-27T23:26:31Z</responseDate><request verb="GetRecord" identifier="oai:uvadoc.uva.es:10324/43476" metadataPrefix="marc">https://uvadoc.uva.es/oai/request</request><GetRecord><record><header><identifier>oai:uvadoc.uva.es:10324/43476</identifier><datestamp>2021-06-30T03:50:59Z</datestamp><setSpec>com_10324_38</setSpec><setSpec>col_10324_852</setSpec></header><metadata><record xmlns="http://www.loc.gov/MARC21/slim" xmlns:doc="http://www.lyncode.com/xoai" xmlns:xsi="http://www.w3.org/2001/XMLSchema-instance" xmlns:dcterms="http://purl.org/dc/terms/" xsi:schemaLocation="http://www.loc.gov/MARC21/slim http://www.loc.gov/standards/marcxml/schema/MARC21slim.xsd">
<leader>00925njm 22002777a 4500</leader>
<datafield tag="042" ind1=" " ind2=" ">
<subfield code="a">dc</subfield>
</datafield>
<datafield tag="720" ind1=" " ind2=" ">
<subfield code="a">Aparicio Sanz, Adrián</subfield>
<subfield code="e">author</subfield>
</datafield>
<datafield tag="260" ind1=" " ind2=" ">
<subfield code="c">2020</subfield>
</datafield>
<datafield tag="520" ind1=" " ind2=" ">
<subfield code="a">El presente trabajo analiza, desde una perspectiva artística, cómo Internet y la hiperconectividad que ofrece el desarrollo de las nuevas tecnologías de la comunicación han influido en la sociedad y en el mundo artístico. El Net Art y el Arte Post-Internet, dos manifestaciones artísticas vinculadas a Internet, abordan cuestiones como la conectividad, la sociedad en la era digital o las nuevas formas de crear arte teniendo como objeto de estudio la red.&#xd;
En el siguiente ensayo se realizará un acercamiento al mundo digital y de las nuevas tecnologías de la comunicación a través del arte para así comprender como estas influyen en la vida y sociedad del individuo del s. XXI</subfield>
</datafield>
<datafield tag="024" ind2=" " ind1="8">
<subfield code="a">http://uvadoc.uva.es/handle/10324/43476</subfield>
</datafield>
<datafield ind1=" " ind2=" " tag="653">
<subfield code="a">Arte y sociedad - Siglo XX-XXI</subfield>
</datafield>
<datafield tag="245" ind1="0" ind2="0">
<subfield code="a">Net Art y arte Post-Internet: identidad, apropiación, estética y sociedad</subfield>
</datafield>
</record></metadata></record></GetRecord></OAI-PMH>